00347nam a2200121Ia 45000010005000000080041000050820023000461000036000692450054001052600024001599010027001839990015002104590241024s9999 xx 000 0 und d aRD/610/SE491c/2016 aServicio Nacional de Salud, SNS 0aCien años de gestión. Dra. Mirna Font-Frías bSanto Domingoc2016 a7/3/2017 10:19:05 a.m. c8097d8097